Peter Schneider: Paarungen

Bibliographic Details
Main Authors: Šimon, Ladislav (Author), Schneider, Peter (Author)
Format: Article
Language:Slovak
ISSN:0231-6269
Subjects:

MARC

LEADER 00000nab a2200000 a 4500
001 vtls000552132
003 SK-MaSNL
005 20260304094845.0
008 250425c1995 xo 0 slo
015 |a SNBRB19rr/mm-uuuuu 
035 |a CL0552270 
035 |a urn:nbn:sk:snk-abbp5o 
035 |a (urnnbn)urn:nbn:sk:snk:ar-0047k4 
035 |a (uuid)b68c01fb-5fb5-4c5f-a082-b290e2ae5d95 
040 |a SNKBUCL  |b slo  |c SNKBUCL  |e AACR2 
041 0 |a slo 
044 |a xo  |c SK 
080 |a 82.09:830-3(048)  |2 1981 
080 |a 830-3(048)  |2 1981 
100 1 |a Šimon, Ladislav  |4 aut  |9 339766 
245 1 0 |a Peter Schneider: Paarungen  |c Ladislav Šimon 
650 0 7 |a romány psychologické  |2 snkbucl  |9 653970 
655 7 |a články z novín a časopisov  |2 snkbucl  |9 267496 
700 1 |a Schneider, Peter  |4 aut  |9 437281 
773 0 |t Revue svetovej literatúry  |g Roč. 31, č. 1 (1995), s. 178-179  |x 0231-6269 
787 0 8 |i Rec.:  |a Schneider, Peter  |t Paarungen  |d Reinbek bei Hamburg : Rowohlt Taschenbuch Verlag, 1994 
850 |a Slovenská národná knižnica 
852 |a Slovenská národná knižnica 
958 |a article15 
958 |a OND 
958 |a RK 
958 |a LX 
958 |a DE 
958 |a EUIPO 
999 |c 2829315  |d 2831245